Propuesta de un modelo mínimo de centro de acopio para desechos sólidos, (Registro nro. 2523)

Detalles MARC
000 -LEADER
campo de control de longitud fija 02312nam a22003977a 4500
001 - NÚMERO DE CONTROL
campo de control 42835
003 - IDENTIFICADOR DE NÚMERO DE CONTROL
campo de control gtgccic
005 - FECHA Y HORA DE LA ÚLTIMA TRANSACCIÓN
campo de control 20251112110921.0
007 - CAMPO FIJO DE DESCRIPCIÓN FÍSICA--INFORMACIÓN GENERAL
campo de control de longitud fija ta
008 - DATOS DE LONGITUD FIJA--INFORMACIÓN GENERAL
campo de control de longitud fija 251112b gt ||||| |||| 00| 0 spa d
040 ## - FUENTE DE CATALOGACIÓN
Centro catalogador/agencia de origen gtgccic
Lengua de catalogación spa
Centro/agencia transcriptor gtgccic
Normas de descripción rda
084 ## - OTRO NÚMERO DE CLASIFICACIÓN
Número de control del registro de autoridad o número normalizado TPI-16-0110
100 10 - ENTRADA PRINCIPAL--NOMBRE DE PERSONA
Nombre de persona Karla Ivonne Rodríguez Quiñónez
Fechas asociadas al nombre Arquitecta
Término indicativo de función/relación autor
245 10 - MENCIÓN DEL TÍTULO
Título Propuesta de un modelo mínimo de centro de acopio para desechos sólidos,
Resto del título caso validado en el mercado municipal de Casillas, Santa Rosa /
Mención de responsabilidad, etc. Rodríguez Quiñónez, Karla Ivonne
264 #1 - PRODUCCIÓN, PUBLICACIÓN, DISTRIBUCIÓN, FABRICACIÓN Y COPYRIGHT
Producción, publicación, distribución, fabricación y copyright Guatemala, Guatemala :
Nombre del de productor, editor, distribuidor, fabricante USAC, Facultad de Ingeniería ;
Fecha de producción, publicación, distribución, fabricación o copyright 2016.-
300 ## - DESCRIPCIÓN FÍSICA
Extensión xxxi, 125 p. :
Otras características físicas il. ;
Dimensiones 27 cm
336 ## - TIPO DE CONTENIDO
Fuente rdacontenido
Término de tipo de contenido Texto
Código de tipo de contenido txt
337 ## - TIPO DE MEDIO
Fuente rdamedio
Nombre/término del tipo de medio sin mediación
Código del tipo de medio n
338 ## - TIPO DE SOPORTE
Fuente rdasoporte
Nombre/término del tipo de soporte volumen
Código del tipo de soporte nc
502 ## - NOTA DE TESIS
Nota de tesis Tesis Postgrado
Tipo de título MAESTRA EN ARTES EN INGENIERÍA PARA EL DESARROLLO MUNICIPAL
Nombre de la institución que otorga el título USAC, Facultad de Ingeniería, Escuela de Postgrado
Año de obtención del título 2016
Identificador de la tesis TPI-16-0110
504 ## - NOTA DE BIBLIOGRAFÍA, ETC.
Nota de bibliografía, etc. Nota Bibliografía pag. 117
505 ## - NOTA DE CONTENIDO CON FORMATO
Título 1. APROXIMACIÓN TEÓRICA AL TEMA DE LOS DESECHOS SÓLIDOS
505 ## - NOTA DE CONTENIDO CON FORMATO
Título 2. CARACTERÍSTICAS GENERALES DEL MUNICIPIO
505 ## - NOTA DE CONTENIDO CON FORMATO
Título 3. EL MUNICIPIO Y LOS DESECHOS SÓLIDOS
505 ## - NOTA DE CONTENIDO CON FORMATO
Título 4. CARACTERÍSTICAS DE LOS DESECHOS SÓLIDOS GENERADOS EN EL MERCADO MUNICIPAL
505 ## - NOTA DE CONTENIDO CON FORMATO
Título 5. PROPUESTA PARA LA CONSTRUCCIÓN DE UN CENTRO DE ACOPIO Y MANEJO EFICIENTE DE DESECHOS SÓLIDOS DEL MERCADO MUNICIPAL
505 ## - NOTA DE CONTENIDO CON FORMATO
Título 6. PRESENTACIÓN DE RESULTADOS
505 ## - NOTA DE CONTENIDO CON FORMATO
Título 7. DISCUSIÓN DE RESULTADOS
520 #3 - RESUMEN, ETC.
Sumario, etc. En el municipio de Casillas, Santa Rosa, uno de los principales factores de contaminación al ambiente y a la salud es la acumulación de desechos sólidos en los locales comerciales del mercado municipal. Por esta razón, se presenta la propuesta de un modelo mínimo de centro de acopio para desechos sólidos, generados en el mercado municipal, planteando un centro especial para el tratamiento de los desechos generados a diario evitando una acumulación sin control, contribuyendo a la clasificación, reutilización, disminución y comercialización de los desechos sólidos antes de su disposición final.
650 ## - PUNTO DE ACCESO ADICIONAL DE MATERIA--TÉRMINO DE MATERIA
Término de materia o nombre geográfico como elemento de entrada CENTROS
650 ## - PUNTO DE ACCESO ADICIONAL DE MATERIA--TÉRMINO DE MATERIA
Término de materia o nombre geográfico como elemento de entrada DESECHOS
650 ## - PUNTO DE ACCESO ADICIONAL DE MATERIA--TÉRMINO DE MATERIA
Término de materia o nombre geográfico como elemento de entrada MERCADOS
700 ## - ENTRADA AGREGADA--NOMBRE PERSONAL
Nombre de persona MSc. Arq. Luis Estuardo Ovando Lavagnino
Término indicativo de función/relación asesor
942 ## - ELEMENTOS DE ENTRADA SECUNDARIOS (KOHA)
Fuente de la clasificación o esquema de estantería Clasificación Decimal Dewey
Tipo de ítem Koha TESISPOSTGRADO
945 ## - PROCESAMIENTO DE INFORMACIÓN LOCAL (OCLC)
a amlo
Existencias
Estatus retirado Estado de pérdida Fuente de la clasificación o esquema de estantería Estado de daño No para préstamo Biblioteca de origen Biblioteca actual Fecha de adquisición Número de inventario Total de préstamos Signatura topográfica completa Código de barras Visto por última vez Precio de reemplazo Tipo de ítem Koha Nota pública
    Clasificación Decimal Dewey     CENTRO DE INFORMACIÓN A LA CONSTRUCCIÓN-CICON CENTRO DE INFORMACIÓN A LA CONSTRUCCIÓN-CICON 12/11/2025 P20160110   TPI-16-0110 20160110 12/11/2025 12/11/2025 TESISPOSTGRADO disponible